MAASAI MARA UNIVERSITY

LIBRARY CATALOGUE

Contact Us: +254 020 2685356/7 or 0774 057787

Box: 861-20500, NAROK, KENYA

Email: info@mmarau.ac.ke

_A Dictonary Of statistical terms( 4th ed) (Record no. 12444)

MARC details
000 -LEADER
fixed length control field 00478nam a2200169Ia 4500
008 - FIXED-LENGTH DATA ELEMENTS--GENERAL INFORMATION
fixed length control field 151021s9999 xx 000 0 und d
020 ## - INTERNATIONAL STANDARD BOOK NUMBER
International Standard Book Number 582470080
050 ## - LIBRARY OF CONGRESS CALL NUMBER
Classification number QA 276.14 .K46 1982
245 ## - TITLE STATEMENT
Title _A Dictonary Of statistical terms( 4th ed)
260 ## - PUBLICATION, DISTRIBUTION, ETC. (IMPRINT)
Place of publication, distribution, etc. U.s.A longman 1982
300 ## - PHYSICAL DESCRIPTION
Extent ix,213p,;Ill
500 ## - GENERAL NOTE
General note includes Index
500 ## - GENERAL NOTE
General note includes Index
650 ## - SUBJECT ADDED ENTRY--TOPICAL TERM
Topical term or geographic name as entry element _Statistical Terms
700 ## - ADDED ENTRY--PERSONAL NAME
Personal name _Buckland R. William
980 ## - EQUIVALENCE OR CROSS-REFERENCE-SERIES STATEMENT--PERSONAL NAME/TITLE [LOCAL, CANADA]
Personal name ^d20120816 12:42:40^okorir

No items available.

© 2016 Maasai Mara University.